<?xml version="1.0" encoding="UTF-8"?>
<collection xmlns="http://www.loc.gov/MARC21/slim">
 <record>
  <leader>00525nam a22001455a 4500</leader>
  <controlfield tag="001">EUN.um037589</controlfield>
  <controlfield tag="008">041125s1969####ag############000#0#spa#d</controlfield>
  <controlfield tag="005">20131219122644.0</controlfield>
  <datafield tag="245" ind1="1" ind2="0">
   <subfield code="a">Ensayo dinámico de pavimentos mediante propagación de ondas /</subfield>
   <subfield code="c">Martín Bruck.</subfield>
  </datafield>
  <datafield tag="260" ind1=" " ind2=" ">
   <subfield code="a">La Plata :</subfield>
   <subfield code="b">Ministerio de obras públicas,</subfield>
   <subfield code="c">1969.</subfield>
  </datafield>
  <datafield tag="300" ind1=" " ind2=" ">
   <subfield code="a">32 p.</subfield>
  </datafield>
  <datafield tag="100" ind1="1" ind2=" ">
   <subfield code="a">Bruck, Martín.</subfield>
  </datafield>
  <datafield tag="082" ind1="0" ind2="4">
   <subfield code="a">625.7</subfield>
  </datafield>
  <datafield tag="859" ind1=" " ind2=" ">
   <subfield code="a">Ar-BaUNS</subfield>
   <subfield code="b">BIB. CENTRAL - Sector C</subfield>
   <subfield code="h">625.7</subfield>
   <subfield code="i">B831</subfield>
   <subfield code="p">53994/969</subfield>
  </datafield>
  <datafield tag="859" ind1=" " ind2=" ">
   <subfield code="a">Ar-BaUNS</subfield>
   <subfield code="b">BIB. CENTRAL - Sector C</subfield>
   <subfield code="h">625.7</subfield>
   <subfield code="i">B831</subfield>
   <subfield code="p">53977/969</subfield>
   <subfield code="t">Ej.2</subfield>
  </datafield>
 </record>
</collection>
